000 00697nam a2200289Ia 4500
005 20260324150559.0
008 008 260324s9999 xx 000 0 eng d
020 _a9781315310374
037 _aEBOOK
040 _aCRL
040 _beng
040 _cCRL
041 _2eng
041 _aeng
084 _qCRL
100 _aMargaret Chave Fallers
_91226911
245 4 _aThe Eastern Lacustrine Bantu (Ganda, Soga)
245 0 _bEast Central Africa Part XI
260 _bTaylor and Francis
260 _c1960
365 _a
365 _b170
856 _uhttp://www.taylorfrancis.com/books/9781315310374
942 _cEBOOK
999 _c1836597
_d1836597